000 00699nam a2200289Ia 4500
005 20260324125915.0
008 008 260324s9999 xx 000 0 eng d
020 _a9780203926970
037 _aEBOOK
040 _aCRL
040 _beng
040 _cCRL
041 _2eng
041 _aeng
084 _qCRL
100 _aSylvia Pantaleo; Lawrence R. Sipe
_91179786
245 0 _aPostmodern Picturebooks
245 0 _bPlay, Parody, and Self-Referentiality
260 _bTaylor and Francis
260 _c2008
365 _a
365 _b255
856 _uhttp://www.taylorfrancis.com/books/9780203926970
942 _cEBOOK
999 _c1775442
_d1775442